Por campos del romancero

Furkejuvvon:
Bibliográfalaš dieđut
Váldodahkki: Catalán, Diego
Materiálatiipa: Girji
Giella:Undetermined
Almmustuhtton: Madrid, España Gredos 1970
Fáttát:
Fáddágilkorat: Lasit fáddágilkoriid
Eai fáddágilkorat, Lasit vuosttaš fáddágilkora!

MARC

LEADER 00000nam a2200000Ia 4500
008 170316s9999 xx 000 0 und d
090 |a 801 C-17p 
100 |a Catalán, Diego 
245 |a Por campos del romancero 
260 |a Madrid, España 
260 |b Gredos 
260 |c 1970 
300 |a 309 páginas 
650 |a TEORÍA LITERARIA 
650 |a EL ROMANCERO 
650 |a TRADICIÓN ORAL 
650 |a TROVADORES 
999 |c 20166  |d 20166 
040 |a cru BVZT 
942 |c 15 D  |h 801 C-17p  |2 z